000 00730cab a2200241 4500
001 WB3137-42
008 090401t1995 xxu||||| |||| 00| 0 eng d
035 _a(Sirsi) u16892
041 _aeng
245 _aNew Mineral Planning Guidance Note
260 _c1995
350 _a0
490 _aDoE News Release
_v(483) 4 October 1995, (3)
520 _aGovernment has published a new Minerals Planning Guidance (MPG14), giving advice on the review and modernisation of old mineral permissions.
650 _aENVIRONMENT ACT 1995
650 _aMINERAL PLANNING
650 _aMINERALS PLANNING GUIDANCE
650 _aMPG14
650 _aQUARRYING
690 _aMINING AND MINERALS
942 _n0
948 _c04/03/1997
999 _c11185
_d11185